| 000 | 00537nam a2200157 i 4500 | ||
|---|---|---|---|
| 001 | 129052 | ||
| 003 | ES-MaACL | ||
| 005 | 20230906193429.0 | ||
| 007 | t| | ||
| 008 | 070605s1959 sp ||||1| spa d | ||
| 080 | _a621.756(075.3) | ||
| 245 | 0 | 0 |
_aTecnologia.- Formación Profesional _b: ajustador matricero / _ctexto editado con la colaboración de la Caja Provincial de Ahorros de Alava. |
| 260 |
_aVitoria : _b[s.n.], _c[1959] ( _fTip. Jesús Obrero) |
||
| 300 |
_a135 p. : _bil. ; _c21 cm. |
||
| 852 |
_aES-MaACL _jC-19082 _bR.44732 |
||
| 999 |
_c129052 _d129052 |
||